| 000 | 00923nam a22002537a 4500 | ||
|---|---|---|---|
| 001 | 06701 | ||
| 003 | HDC | ||
| 007 | cr bn ---aaaaa | ||
| 008 | 210124b20132013xxk||||| |||| 00| 0 eng d | ||
| 040 | _aHDC | ||
| 245 | 0 |
_aHalal Compliance Procedures in SAMI Halal Food Index Companies: _bChapter 17 _c/ [Edbiz Consulting] |
|
| 260 |
_aUnited Kingdom: _bEdbiz Consulting Limited, _c2013 |
||
| 300 | _a1 online resource (20 pages) | ||
| 336 |
_atext _2rdacontent |
||
| 337 |
_acomputer _2rdamedia |
||
| 338 |
_aonline resource _2rdacarrier |
||
| 500 | _aOriginally from: Global Islamic Finance Report, 2013 | ||
| 650 |
_aHalal food industry _9128 |
||
| 710 |
_aEdbiz Consulting _epublisher |
||
| 856 | _zRequest full-text at [email protected] | ||
| 942 | _2lcc | ||
| 942 | _cCHAP | ||
| 942 | _kEBCH 004287 | ||
| 999 |
_c4025 _d4025 |
||